Kladno a Slaný. 3952 /
| Korporativní autor: | Československo. Ministerstvo národní obrany. |
|---|---|
| Další autoři: | Rakousko-Uhersko. Militärgeographisches Institut |
| Jazyk: | Němčina Čeština |
| Vydáno: |
[Praha] : Ministerstvo národní obrany, [mezi 1919 a 1939] |
| Edice: |
Třetí vojenské mapování 1:75 000 ;
3952, 1919 Speciální mapa Československé republiky v měřítku 1:75 000 ; 3952, 1919 |
| Témata: | |
| Externí odkaz: |
Digitalizovaný dokument
|
| Fyzický popis: |
1 mapa : černobílá ; 37 x 47 cm, na listu 42 x 53 cm |
| LEADER | 02697nem a2200577 i 4500 | ||
|---|---|---|---|
| 001 | 001564780 | ||
| 003 | CZ BrMZK | ||
| 005 | 20170328161751.0 | ||
| 007 | aj|aanzn | ||
| 008 | 170216q19191939xr a 0| cze d | ||
| 034 | 1 | |a a |b 75000 |d E0135000 |e E0142000 |f N0501500 |g N0500000 | |
| 040 | |a BOA001 |b cze |e rda | ||
| 041 | 0 | |a cze |a ger | |
| 043 | |a e-xr--- |b e-xr-st | ||
| 072 | 7 | |a 623 |x Vojenská technika |2 Konspekt |9 19 | |
| 072 | 7 | |a 912 |x Mapy. Atlasy. Glóby |2 Konspekt |9 7 | |
| 080 | |a 623.64 |2 MRF | ||
| 080 | |a 913(437.312) |2 MRF | ||
| 080 | |a (084.3)528.42 |2 MRF | ||
| 080 | |a (084.3)355/359 |2 MRF | ||
| 110 | 1 | |a Československo. |b Ministerstvo národní obrany. |c Kartografické oddělení |4 ctg |4 pbl |7 kn20050803023 | |
| 245 | 1 | 0 | |a Kladno a Slaný. |p 3952 / |c [Militärgeographisches Institut] ; Zeměpisný ústav M. N. O. |
| 246 | 3 | |a 39°52° | |
| 246 | 3 | 0 | |a 3952 |
| 246 | 3 | |a 5-X | |
| 255 | |a Měřítko 1:75 000 |c (E 13°50'00"--E 14°20'00"/N 50°15'00"--N 50°00'00") | ||
| 264 | 1 | |a [Praha] : |b Ministerstvo národní obrany, |c [mezi 1919 a 1939] | |
| 300 | |a 1 mapa : |b černobílá ; |c 37 x 47 cm, na listu 42 x 53 cm | ||
| 336 | |a kartografický obraz |b cri |2 rdacontent | ||
| 337 | |a bez média |b n |2 rdamedia | ||
| 338 | |a list |b nb |2 rdacarrier | ||
| 490 | 1 | |a [Die Franzisco-Josephinische Landesaufnahme 1:75 000] ; |v 3952, 1919 | |
| 490 | 1 | |a [Speciální mapa Československé republiky v měřítku 1:75 000] ; |v 3952, 1919 | |
| 500 | |a Jednobarevný otisk | ||
| 500 | |a Další údaje o vydání: Rozmnoženo dle mapy byv. c. a k. voj zeměp. ústavu | ||
| 500 | |a Datováno vznikem a zánikem Vojenského zeměpisného ústavu | ||
| 562 | |a Původně přeloženo na 1/8 |5 CZ-BrMZK | ||
| 650 | 7 | |a vojenská topografie |7 ph316247 |2 czenas | |
| 651 | 7 | |a Kladno (Česko : oblast) |7 ge129577 |2 czenas | |
| 651 | 7 | |a Slaný (Česko : oblast) |7 ge130835 |2 czenas | |
| 655 | 7 | |a topografické mapy |7 fd809173 |2 czenas | |
| 655 | 7 | |a vojenské mapy |7 fd133817 |2 czenas | |
| 787 | 0 | 8 | |t Přehled kladu listů speciální mapy Československé republiky v měřítku 1:75 000 |w 1481111 |
| 710 | 1 | |a Rakousko-Uhersko. |b Militärgeographisches Institut |7 kn20060405003 |4 ant | |
| 830 | 0 | |a Třetí vojenské mapování 1:75 000 ; |v 3952, 1919 | |
| 830 | 0 | |a Speciální mapa Československé republiky v měřítku 1:75 000 ; |v 3952, 1919 | |
| 856 | 4 | 1 | |u http://www.digitalniknihovna.cz/mzk/uuid/uuid:4c401a96-3b0c-4de9-9670-339d5aad1832 |y Digitalizovaný dokument |
| 910 | |a BOA001 |b Mpa-0174.951,3952-19 | ||
| 990 | |a MP | ||
| 991 | |b 201702 | ||
| 994 | |a PAR |l MZK01 |b 001481111 |m 3952 Kladno a Slaný. [1919-1939] |n Přehled kladu listů speciální mapy Československé republiky v měřítku 1:75 000 | ||
English
Čeština 